| 000 | 00769nam a2200229Ia 4500 | ||
|---|---|---|---|
| 003 | OSt | ||
| 005 | 20220923224020.0 | ||
| 006 | a|||||r|||| 00| 0 | ||
| 007 | ta | ||
| 008 | Pun | ||
| 024 | _a224,076 | ||
| 037 | _cTextual | ||
| 040 |
_aARTS _cARTS _bPun |
||
| 041 |
_2Pun _aPun |
||
| 082 | _aK:(P111:4k), 153L5 | ||
| 100 | _aਪ੍ਰੇਮ ਪ੍ਰਕਾF ਸਿੰਘ | ||
| 245 | 0 | _aਅੰਗ੍ਰੇਗ਼ੀ ਪੰਜਾਬੀ ਤਕਨੀਕੀ Fਬਦਾਵਲੀ ਪ੍ਰਾਣੀ ਵਿਗਿਆਨ | |
| 260 |
_aਚੰਡੀਗੜ _b ਪੰਜਾਬ ਯੁਨੀਵਰਸਿਟੀ _c1975 |
||
| 300 |
_a354ਪੰ _ccm. |
||
| 942 |
_hK:(P111:4k), 153L5 _cTEXL _2CC |
||
| 999 |
_c368692 _d368692 |
||